Dark Souls 1 - All Items - Statistics

General Stats
  • This quiz has been taken 22 times
  • The average score is 41 of 138
Answer Stats
Consumables % Correct
Titanite Chunk
87%
Titanite Shard
87%
Firebomb
80%
Large Titanite Shard
80%
Titanite Slab
80%
Estus Flask
73%
Humanity
73%
Black Firebomb
67%
Green Titanite Shard
67%
Large Ember
67%
Blue Titanite Chunk
60%
Divine Ember
60%
Red Titanite Chunk
60%
Throwing Knife
60%
White Titanite Chunk
60%
Demon Titanite
53%
Master Key
53%
Purple Moss Clump
53%
Twinkling Titanite
53%
Blue Titanite Slab
47%
Gold Pine Resin
47%
Homeward Bone
47%
Large Divine Ember
47%
Red Titanite Slab
47%
Soul of a Hero
47%
Soul of Artorias
47%
Soul of Ornstein
47%
Soul of Quelaag
47%
Soul of Smough
47%
Very Large Ember
47%
White Titanite Slab
47%
Darksign
40%
Dragon Scale
40%
Enchanted Ember
40%
Green Blossom
40%
Prism Stone
40%
Rite of Kindling
40%
Soul of Manus
40%
Soul of Sif
40%
Sunlight Medal
40%
Blooming Purple Moss Clump
33%
Cage Key
33%
Charcoal Pine Resin
33%
Crystal ember
33%
Dark Ember
33%
Fire Keeper Soul
33%
Large Soul of a Lost Undead
33%
Peculiar Doll
33%
Poison Throwing Knife
33%
Purging Stone
33%
Red Eye Orb
33%
Repair Powder
33%
Rotten Pine Resin
33%
Soul of a Great Hero
33%
Soul of a Lost Undead
33%
Transient Curse
33%
Twin Humanities
33%
Black Eye Orb
27%
Blighttown Key
27%
Bloodred Moss Clump
27%
Core of an Iron Golem
27%
Cracked Red Eye Orb
27%
Dung Pie
27%
Elizabeth's Mushroom
27%
Large Flame Ember
27%
Large Magic Ember
27%
Large Soul of a Proud Knight
27%
Lordvessel
27%
Red Sign Soapstone
27%
Repair Box
27%
Soul of a Brave Warrior
27%
Soul of a Proud Knight
27%
Soul of Gwyndolin
27%
Soul of Gwyn, Lord of Cinder
27%
Soul of the Moonlight Butterfly
27%
White Sign Soapstone
27%
Alluring Skull
20%
Annex Key
20%
Armor Smithbox
20%
Basement Key
20%
Big Pilgrim's Key
20%
Binoculars
20%
Broken Pendant
20%
Divine Blessing
20%
Dragon Head Stone
20%
Dragon Torso Stone
20%
Dried Finger
20%
Eye of Death
20%
Large Soul of a Brave Warrior
20%
Lloyd's Talisman
20%
Soul of Priscilla
20%
Souvenir of Reprisal
20%
Weaponsmith Box
20%
Archive Tower Cell Key
13%
Blue Eye Orb
13%
Bottomless Box
13%
Chaos Flame Ember
13%
Crest Key
13%
Dragon Eye
13%
Egg Vermifuge
13%
Gold Coin
13%
Guardian Soul
13%
Hello Carving
13%
I'm Sorry Carving
13%
Indictment
13%
Key to Depths
13%
Large Soul of a Nameless Soldier
13%
Mystery Key
13%
Pendant
13%
Purple Coward's Crystal
13%
Residence Key
13%
Rubbish
13%
Silver Coin
13%
Soul of a Nameless Soldier
13%
Soul of Gravelord Nito
13%
Soul of Seath The Scaleless
13%
Thank You Carving
13%
Undead Asylum F2 East Key
13%
Undead Asylum F2 West Key
13%
Archive Prison Extra Key
7%
Archive Tower Giant Cell Key
7%
Black Separation Crystal
7%
Book of the Guilty
7%
Copper Coin
7%
Crest of Artorias
7%
Help Me Carving
7%
Key to New Londo Ruins
7%
Key to the Seal
7%
Orange Guidance Soapstone
7%
Servant Roster
7%
Silver Pendant
7%
Soul of Bed of Chaos
7%
Soul of Four Kings
7%
Very Good Carving
7%
Watchtower Basement Key
7%
Archive Tower Giant Door Key
0%
Dungeon Cell Key
0%
Sewer Chamber Key
0%
No matching quizzes found
Score Distribution
Percent of People with Each Score
Percentile by Number Answered
Your Score History
You have not taken this quiz